[Event "Kretsmesterskap i lagsjakk for Troms og"]
[Site "Thon Hotel, Harstad"]
[Date "2026.01.25"]
[Round "5"]
[White "Tromsø 1-P. Røyset"]
[Black "Tromsø 4-K. Schouten"]
[Result "1/2-1/2"]
[WhiteElo "2112"]
[BlackElo "1585"]
[PlyCount "104"]
[EventDate "2026.??.??"]

1. e4 c6 2. d4 d5 3. exd5 cxd5 4. Bd3 Nc6 5. c3 Nf6 6. Bf4 a6 7. Nd2 b5 8. Ngf3
Bg4 9. h3 Bxf3 10. Nxf3 e6 11. O-O Bd6 12. Bxd6 Qxd6 13. Re1 O-O 14. Ne5 Rfc8
15. Qe2 Na5 16. Qf3 Nc4 17. Re2 Qe7 18. Rd1 Nd6 19. Qf4 Nh5 20. Qg4 Nf6 21. Qh4
Qd8 22. f3 a5 23. g4 g6 24. a3 b4 25. axb4 axb4 26. cxb4 Rab8 27. Ba6 Rc7 28.
Qe1 Rb6 29. Ra1 Nd7 30. Bd3 Nxe5 31. dxe5 Nb5 32. Qf2 Qb8 33. Kg2 Rcb7 34. f4
Nc7 35. b3 Rxb4 36. Bc2 Nb5 37. Rd2 Nc3 38. Rd4 Ne4 39. Bxe4 dxe4 40. Rad1 Rxd4
41. Qxd4 Rb4 42. Qd8+ Qxd8 43. Rxd8+ Kg7 44. Rd7 Rxb3 45. f5 gxf5 46. gxf5 exf5
47. e6 Kf8 48. Rxf7+ Ke8 49. Rxf5 Ke7 50. Re5 Rb6 51. Rxe4 Rxe6 52. Rxe6+ Kxe6
1/2-1/2

[Event "Kretsmesterskap i lagsjakk for Troms og"]
[Site "Thon Hotel, Harstad"]
[Date "2026.01.25"]
[Round "5"]
[White "Tromsø 2-M. Machlik"]
[Black "Harstad 1-H. Bech"]
[Result "0-1"]
[WhiteElo "2084"]
[BlackElo "2139"]
[PlyCount "66"]
[EventDate "2026.??.??"]

1. d4 Nf6 2. c4 e6 3. Nc3 Bb4 4. Qc2 d5 5. a3 Bxc3+ 6. Qxc3 Ne4 7. Qc2 c5 8.
dxc5 Nc6 9. e3 Qa5+ 10. Bd2 Nxd2 11. Qxd2 dxc4 12. Qxa5 Nxa5 13. Rc1 b5 14.
cxb6 Ba6 15. bxa7 Rxa7 16. Ne2 Rb7 17. Rb1 Ke7 18. Nc3 Nb3 19. Na2 Rd8 20. Nb4
Bb5 21. Be2 Rbd7 22. h4 Rd2 23. a4 Bxa4 24. Bxc4 R2d6 25. Bxb3 Bxb3 26. Rc1 Rb6
27. Nc2 Rc6 28. O-O Rxc2 29. Ra1 Rdd2 30. Ra7+ Kf6 31. g4 Bc4 32. h5 Bxf1 33.
f4 Bc4 0-1

[Event "Kretsmesterskap i lagsjakk for Troms og"]
[Site "Thon Hotel, Harstad"]
[Date "2026.01.25"]
[Round "5"]
[White "Harstad 1-J. Pettersen"]
[Black "Tromsø 2-A. Solbu"]
[Result "1-0"]
[WhiteElo "2073"]
[BlackElo "1962"]
[PlyCount "49"]
[EventDate "2026.??.??"]

1. d4 d5 2. c4 e6 3. Nc3 Nf6 4. Bg5 Be7 5. e3 h6 6. Bh4 O-O 7. Qc2 Nbd7 8. cxd5
exd5 9. Bd3 c6 10. Nge2 Ne8 11. Bg3 Nd6 12. O-O Re8 13. f3 Nb6 14. e4 Bd7 15.
Rae1 Rc8 16. Bf2 a5 17. e5 Ndc4 18. b3 Na3 19. Qc1 Nb5 20. f4 Nxc3 21. Nxc3 c5
22. f5 Bg5 23. Be3 cxd4 24. Bxg5 hxg5 25. f6 1-0

[Event "Kretsmesterskap i lagsjakk for Troms og"]
[Site "Thon Hotel, Harstad"]
[Date "2026.01.25"]
[Round "5"]
[White "Tromsø 2-J. Joensen"]
[Black "Harstad 1-P. Mathisen"]
[Result "1-0"]
[WhiteElo "1960"]
[BlackElo "1761"]
[PlyCount "49"]
[EventDate "2026.??.??"]

1. e4 c5 2. Nc3 Nc6 3. f4 e6 4. Nf3 Nge7 5. g3 d5 6. e5 b6 7. Bg2 Bb7 8. O-O
Nf5 9. d3 h5 10. Bh1 Be7 11. Bd2 Qd7 12. a4 f6 13. Re1 fxe5 14. Nxe5 Nxe5 15.
Rxe5 Bf6 16. Re1 Bd4+ 17. Kf1 Ne3+ 18. Bxe3 Bxe3 19. Rxe3 d4 20. Bxb7 dxe3 21.
Bxa8 e5 22. Qf3 Qh3+ 23. Qg2 Qg4 24. Bc6+ Ke7 25. Nd5+ 1-0

[Event "Kretsmesterskap i lagsjakk for Troms og"]
[Site "Thon Hotel, Harstad"]
[Date "2026.01.25"]
[Round "5"]
[White "Harstad 1-R. Jakobsen"]
[Black "Tromsø 2-H. Strøm"]
[Result "1-0"]
[WhiteElo "1751"]
[BlackElo "1725"]
[PlyCount "99"]
[EventDate "2026.??.??"]

1. d4 d5 2. Nf3 Nf6 3. Bf4 e6 4. e3 Nbd7 5. Nbd2 b6 6. Bb5 Bb7 7. Ne5 a6 8.
Bxd7+ Nxd7 9. Qf3 Nxe5 10. dxe5 Bc5 11. Qg3 Rg8 12. h4 Qd7 13. O-O-O O-O-O 14.
Nb3 Qc6 15. Nxc5 Qxc5 16. Qh2 d4 17. exd4 Rxd4 18. Be3 Rxd1+ 19. Rxd1 Qa5 20.
Kb1 Bd5 21. b3 Rd8 22. Qf4 Kb7 23. c4 Rd7 24. cxd5 exd5 25. Qf5 Qb5 26. Qd3 Qc6
27. Rc1 Qe6 28. Bf4 c5 29. Kb2 f6 30. Qh3 Qe7 31. e6 Rd8 32. Bh2 Rc8 33. Qf5
Rd8 34. Rd1 d4 35. Qe4+ Ka7 36. Qc6 Re8 37. Qd7+ Qxd7 38. exd7 Rd8 39. Kc2 Rxd7
40. Kd3 Kb7 41. Re1 Kc6 42. Re8 Kb5 43. a3 a5 44. Rb8 Re7 45. a4+ Kc6 46. Kd2
Re4 47. Bg3 f5 48. Rg8 Rg4 49. Rf8 h6 50. Rxf5 1-0

[Event "Kretsmesterskap i lagsjakk for Troms og"]
[Site "Thon Hotel, Harstad"]
[Date "2026.01.25"]
[Round "5"]
[White "Narvik 2-O. Hansen"]
[Black "Tromsø 3-B. Gulljord"]
[Result "0-1"]
[WhiteElo "1658"]
[BlackElo "1925"]
[PlyCount "64"]
[EventDate "2026.??.??"]

1. e4 c6 2. d3 d5 3. Qe2 Nf6 4. Nf3 Bg4 5. g3 dxe4 6. dxe4 e6 7. Bg2 Nbd7 8.
Nc3 Bb4 9. a3 Bxc3+ 10. bxc3 Qa5 11. Bd2 Ne5 12. h3 Nxf3+ 13. Bxf3 Bxf3 14.
Qxf3 Qe5 15. O-O Qxe4 16. Qxe4 Nxe4 17. Be1 O-O-O 18. f3 Nd2 19. Rf2 Nc4 20.
Re2 Rd5 21. Re4 Nd2 22. Re3 Rhd8 23. Kf2 Nc4 24. Re4 b5 25. a4 Kb7 26. axb5
cxb5 27. Ke2 a5 28. Rh4 h6 29. Rg4 g5 30. Re4 e5 31. Kf1 f5 32. Re2 a4 0-1

[Event "Kretsmesterskap i lagsjakk for Troms og"]
[Site "Thon Hotel, Harstad"]
[Date "2026.01.25"]
[Round "5"]
[White "Harstad 2-B. Halvorsen"]
[Black "Narvik 1-P. Olsen"]
[Result "0-1"]
[WhiteElo "1729"]
[BlackElo "1734"]
[PlyCount "60"]
[EventDate "2026.??.??"]

1. e4 c6 2. d4 d5 3. f3 dxe4 4. fxe4 e5 5. Nf3 Bg4 6. Be3 Nd7 7. Bc4 Ngf6 8.
O-O Bd6 9. Bg5 O-O 10. Qe1 Qb6 11. Nbd2 exd4 12. Kh1 Rae8 13. Qh4 Bh5 14. Bxf6
Nxf6 15. Ng5 Qc5 16. b4 Qe5 17. Rf5 Qe7 18. Raf1 Bg6 19. R5f3 h6 20. Rh3 Nh7
21. Rxf7 Rxf7 22. Nxf7 Bxf7 23. Bxf7+ Qxf7 24. Rf3 Qe7 25. Qh5 Rf8 26. Rb3 Qf7
27. Qd1 Ng5 28. Kg1 Qf2+ 29. Kh1 Qxd2 30. Qxd2 Rf1# 0-1